| 000 | 00596nam a2200193 a 4500 | ||
|---|---|---|---|
| 001 | 4126 | ||
| 005 | 20140414131855.0 | ||
| 008 | 090209s19uu xx 00 eng d | ||
| 020 | _a0-7368-0840-X | ||
| 050 |
_aM 578.7 _bR39 2001 |
||
| 100 | _aRichardson, Adele D. | ||
| 245 |
_aWetlands / _cby Adele D. Richardson. |
||
| 260 |
_aMankato, Minnesota : _bBridgestone Books, _cc2001. |
||
| 300 | _a24 p. : col., ill. ; cm. | ||
| 440 | _aThe Bridgestone Science Library. | ||
| 500 | _aIncludes Bibliographical references and index. | ||
| 650 |
_aWetlands _xJuvenile literature. |
||
| 999 |
_c110419 _d110419 |
||